Datum a čas kvízu

18.5 Celkem bodů Celkový počet nahraných bodů na tomto kvízu bez doplňovacích otázek.
3. Pořadí na kvízu Konečné umístění týmu na tomto kvízu.

Zaznamenané odpovědi

# Otázka Odpověď Body Výsledky
1. Jak se jmenuje politik, který... Marian Jurečka 0
2. Na Slovensku byl přetřásán stř... Ministerstvo životního prostředí 0
3. 71letý zpěvák Ozzy Osbourne oz... Parkinsonova choroba 1
4. Aféra s předraženou zakázkou n... hackathon 0
5. Renata Zachová se stala první... judo 0
6. Jelikož se o ostrovech zmiňuje... D) zaťatou pěst se vztyčeným ukazováčkem 0
7. Nyní se podíváme na souostroví... Země Františka Josefa 0
8. Obcí, částí obcí či měst s náz... Ostrov nad Ohří 0
9. Ostrovačice v okrese Brno-venk... Amerika 1
10. Jak se jmenoval německý patolo... Paul Langerhans 0